000 02414nam a2200277Ia 4500
008 130821s2009 enk gr eng
020 _a9780415489355
040 _aCo-BoUCM
_bspa
041 0 0 _aeng
245 0 0 _aSurviving field research working in violent and difficult situations
_ceditado por Chandra Lekha Sriram ... [y otros.]
260 _aLondres (Inglaterra)
_bRoutledge
_c2009
300 _axi, 262 páginas
504 _aIncluye referencias bibliográficas e índice.
505 0 _tIntroduction : surviving research / Julie Mertus -- Demystifying field research / John C. King -- Exceeding scholarly responsibility : IRBs and political constraints / Judy Hemming -- Methods and ethics with research teams and NGOs : comparing experiences across the border of Rwanda and Democratic Republic of Congo / Elizabeth Levy Paluck -- Maintenance of standards of protection during writeup and publication / Chandra Lekha Sriram -- Got trust? : the challenge of gaining access in conflict zones / Julie Norman -- From cell phones to coffee : issues of access in Egypt / Courtney Radsch -- "That is not what we authorised you to do" : access and government interference in highly politicised research environments / Susan Thomson -- Researching repellent groups : some methodological considerations on how to represent militants, radicals, and other belligerents / Carolyn Gallaher -- Interpreting truth and lies in stories of conflict and violence / Lee Ann Fujii -- Maintenance of personal security : ethical and operational issues / Julie Mertus -- Impact on research of security seeking behaviour / Amy Ross -- Fieldwork, objectivity, and the academic enterprise / Marie-Joëlle Zahar -- Dilemmas of self-representation and conduct in the field / Stephen Brown -- There and back : surviving research in violent and difficult situations / Olga Martin-Ortega, Johanna Herman.
650 0 4 _aConflictos étnicos
_911582
650 0 4 _aLuchas sociales
_xInvestigaciones
_918818
650 0 4 _aSociología
_9386
650 0 4 _aViolencia
_xInvestigaciones
_9422
700 1 _aHerman, Johanna
_eeditor.
_972990
700 1 _aKing, John C.
_eeditor.
_9160933
700 1 _aMartín Ortega, Olga
_eeditor.
_972989
700 1 _aMertus, Julie A.
_eeditor.
_9160934
700 1 _aSriram, Chandra Lekha
_d1971
_eeditor.
_9141722
942 _cLIBRO
_a5
_e1
_mS963
_2DEWEY
_h303.6072
999 _c41134
_d41134